| 000 | 00938pam a2200265 a 4500 | ||
|---|---|---|---|
| 999 |
_c4708 _d4708 |
||
| 001 | 35723606 | ||
| 003 | OCoLC | ||
| 005 | 20181212145220.0 | ||
| 008 | 960918s1996 ilu b 001 0 eng | ||
| 010 | _a96044908 | ||
| 020 | _a0842314431 (hbk. : alk. paper) | ||
| 040 |
_aDLC _cDLC |
||
| 050 | 0 | 0 |
_aBV4526.2 _b.D63 1996 |
| 082 | 0 | 0 |
_a248.4 _221 _bD635J |
| 100 | 1 |
_aDobson, James C., _d1936- |
|
| 245 | 1 | 0 |
_aHome with a heart : _bencouragement for families / _cJames C. Dobson. |
| 260 |
_aWheaton, Ill. : _bTyndale House Publishers, _cc1996. |
||
| 300 |
_axii, 258 p. ; _c18 cm. |
||
| 500 | _aThis book is compiled from the author's commentaries featured on his radio program, Focus on the family commentary. | ||
| 504 | _aIncludes bibliographical references (p. [149-150]) and index. | ||
| 650 | 0 |
_aFamilies _xReligious life. |
|
| 650 | 0 |
_aParenting _xReligious aspects _xChristianity. |
|
| 650 | 0 | _aChristian life. | |
| 942 |
_2ddc _cBK |
||